KOHA-Header-6

General Chemistry (Record no. 7124)

000 -LEADER
fixed length control field 00249nam a2200109Ia 4500
100 ## - MAIN ENTRY--AUTHOR NAME
Personal name Brady,Beran
245 #0 - TITLE STATEMENT
Title General Chemistry
260 ## - PUBLICATION, DISTRIBUTION, ETC. (IMPRINT)
Place of publication New york
Name of publisher Prentice
Year of publication 1886
300 ## - PHYSICAL DESCRIPTION
Number of Pages 591
942 ## - ADDED ENTRY ELEMENTS (KOHA)
Koha item type Books
Holdings
Withdrawn status Lost status Collection code Permanent Location Current Location Shelving location Date acquired Full call number Accession Number Koha item type
    Bio Sciences MAJU MAJU Shelf No.A37 2019-09-12 540 791 Bio Science

Powered by Koha